00602nam a2200193Ia 450000500170000000800410001702000230005804000190008104100120010008200130011224500940012526000450021930000140026450400510027865000260032965100150035570000280037085000100039820250301095503.0131103s9999 xx 000 0 und d a1956966446cRs 695 aLoreto College aEnglish a351bCHA 4aThe governance discourseb A Reader cEdited by Bidyut Chakrabarty and Mohit Bhattacharya aNew DelhibOxford University Pressc2008 axvi,330p  aIncludes bibliographical references and index aPublic Administration aGovernance aChakrabarty, Bidyut, ed aLCLIB